<?xml version="1.0" encoding="UTF-8"?><?xml-stylesheet type="text/xsl" href="static/style.xsl"?><OAI-PMH xmlns="http://www.openarchives.org/OAI/2.0/" xmlns:xsi="http://www.w3.org/2001/XMLSchema-instance" xsi:schemaLocation="http://www.openarchives.org/OAI/2.0/ http://www.openarchives.org/OAI/2.0/OAI-PMH.xsd"><responseDate>2026-04-18T02:57:26Z</responseDate><request verb="GetRecord" identifier="oai:www.recercat.cat:2072/428482" metadataPrefix="marc">https://recercat.cat/oai/request</request><GetRecord><record><header><identifier>oai:recercat.cat:2072/428482</identifier><datestamp>2025-04-03T03:31:46Z</datestamp><setSpec>com_2072_98</setSpec><setSpec>col_2072_378192</setSpec></header><metadata><record xmlns="http://www.loc.gov/MARC21/slim" xmlns:dcterms="http://purl.org/dc/terms/" xmlns:xsi="http://www.w3.org/2001/XMLSchema-instance" xmlns:doc="http://www.lyncode.com/xoai" xsi:schemaLocation="http://www.loc.gov/MARC21/slim http://www.loc.gov/standards/marcxml/schema/MARC21slim.xsd">
   <leader>00925njm 22002777a 4500</leader>
   <datafield ind2=" " ind1=" " tag="042">
      <subfield code="a">dc</subfield>
   </datafield>
   <datafield ind2=" " ind1=" " tag="720">
      <subfield code="a">Bienkowska-Wasiluk, M.</subfield>
      <subfield code="e">author</subfield>
   </datafield>
   <datafield ind2=" " ind1=" " tag="720">
      <subfield code="a">Paldyna, M.</subfield>
      <subfield code="e">author</subfield>
   </datafield>
   <datafield ind2=" " ind1=" " tag="260">
      <subfield code="c">2018</subfield>
   </datafield>
   <datafield ind2=" " ind1=" " tag="520">
      <subfield code="a">Small perch-like fishes from the Oligocene of the Paratethys were traditionally assigned to Serranus budensis (Heckel, 1856). A new morphological study of the holotype and specimens from the Outer Carpathians, Poland, is provided herein. Oligoserranoides budensis (Heckel, 1856), Percoidei incertae sedis, is revised and compared with other small perch-like fishes from the Oligocene Paratethys. Caucasoserranoides morozkiensis, Carpathoserranoides brnoensis, Carpathoserranoides polonicus and Oligoserranoides comparabilis are very similar to O. budensis and further studies are necessary to clarify the validity of those species. O. budensis is compared with the Oligocene-Lower Miocene Pirsagatia sytchevskayae, the Eocene Jimtylerius temnopterus, Ottaviania mariae,O. leptacanthus, Veranichthys ventralis and the Palaeocene Proserranus lundensis. O. budensis shares many characters with the Lutjanoidea, and differs in a toothless palatine. The palaeobiogeography of Oligocene small perch-like fishes in the Paratethys is presented.</subfield>
   </datafield>
   <datafield tag="653" ind2=" " ind1=" ">
      <subfield code="a">Teleostei</subfield>
   </datafield>
   <datafield tag="653" ind2=" " ind1=" ">
      <subfield code="a">Perciformes</subfield>
   </datafield>
   <datafield tag="653" ind2=" " ind1=" ">
      <subfield code="a">Outer carpathians</subfield>
   </datafield>
   <datafield tag="653" ind2=" " ind1=" ">
      <subfield code="a">Poland</subfield>
   </datafield>
   <datafield tag="653" ind2=" " ind1=" ">
      <subfield code="a">Menilite formation</subfield>
   </datafield>
   <datafield ind2="0" ind1="0" tag="245">
      <subfield code="a">Taxonomic revision of the Oligocene percoid fish Oligoserranoides budensis (Heckel, 1856), from the Paratethys and paleobiogeographic comments</subfield>
   </datafield>
</record></metadata></record></GetRecord></OAI-PMH>